Statistiques concernant Focus sur: Morwen - Tolkien

Cliquez ici pour prendre le quiz!

Statistiques générales

  • Ce quiz a été pris 8 fois
  • Le résultat moyen est 7 sur 13

Statistiques - réponses

Informations recherchéesRéponses% Correct
Couleur des cheveuxBrun/Noir
100%
Première apparitionLe Silmarillion
100%
Age durant lequel il vécutPremier
100%
EspèceHomme
88%
Professions et titresDame de Dor-lómin
63%
Royaumes et contréesDoriath
38%
FilsTúri
38%
Dor-lómin (Hithlum)
25%
EpouxHúrin
25%
Lalaith
25%
FillesNienor
25%
PèreBaragund
13%
CitéMenegroth
13%

Distribution des résultats

Percentile par nombre de réponses

% des personnes avec chaque résultat

Votre développement - résultats

Vous n’avez pas pris ce quiz